| 000 | 00628nam a2200181Ia 4500 | ||
|---|---|---|---|
| 008 | 090630s9999 xx 000 0 und d | ||
| 082 | _b16574 | ||
| 100 | _aवाडकर अलका. | ||
| 245 |
_aयशस्वी मुलाखतीसाठी. _cवाडकर अलका. |
||
| 260 | _bउन्मेष - पुणे. | ||
| 300 | _a0 | ||
| 600 | _aवाडकर अलका. | ||
| 630 | _aयशस्वी मुलाखतीसाठी. | ||
| 655 | _aइतर. | ||
| 700 | _aवाडकर अलका. | ||
| 730 | _aयशस्वी मुलाखतीसाठी. | ||
| 942 | _cBOOK | ||
| 999 |
_c268430 _d268430 |
||